Wybrane problemy zarzadzania przedsiebiorstwami
Guardado en:
| Otros Autores: | |
|---|---|
| Formato: | Libro |
| Lenguaje: | polaco inglés |
| Publicado: |
Poznan
Wydawnictwo Akademii Ekonomicznej w Poznaniu
2002
|
| Colección: | Zeszyty naukowe
20 |
| Materias: | |
| Etiquetas: |
Sin Etiquetas, Sea el primero en etiquetar este registro!
|
MARC
| LEADER | 00000nam a2200000 4500 | ||
|---|---|---|---|
| 001 | c139681 | ||
| 005 | 20221221092250.3 | ||
| 020 | |a 83-88760-57-2 | ||
| 022 | |a 1641-2168 | ||
| 041 | 0 | |a pol | |
| 041 | 0 | |a eng | |
| 044 | |a PL | ||
| 245 | 1 | 0 | |a Wybrane problemy zarzadzania przedsiebiorstwami |c Redaktor naukowy: Tadeusz Mendel |
| 264 | 1 | |a Poznan |b Wydawnictwo Akademii Ekonomicznej w Poznaniu |c 2002 | |
| 300 | |a 137 s. | ||
| 490 | 1 | |a Zeszyty naukowe |v 20 | |
| 830 | 0 | |a Zeszyty naukowe |v 20 | |
| 610 | 2 | 0 | |a riadenie podnikové |
| 610 | 2 | 0 | |a technológie informačné |
| 610 | 2 | 0 | |a banky |
| 610 | 2 | 0 | |a organizácie neziskové |
| 610 | 2 | 0 | |a kultúra |
| 610 | 2 | 0 | |a globalizácia |
| 610 | 2 | 0 | |a politika sociálna |
| 610 | 2 | 0 | |a podnik |
| 610 | 2 | 0 | |a podnikanie malé |
| 610 | 2 | 0 | |a motivácia |
| 610 | 2 | 0 | |a efektívnosť práce |
| 610 | 2 | 0 | |a Poľsko |
| 700 | 1 | |a Mendel, Tadeusz | |